[Event "BSenEM 2014"]
[Site "Berlin"]
[Date "2014.02.04"]
[Round "6.1"]
[White "Burger, Heinrich"]
[Black "Reichenbach, Werner"]
[Result "1/2-1/2"]
[WhiteElo "1961"]
[BlackElo "2183"]
[Annotator "Jaeger,André"]
[PlyCount "59"]
[EventDate "2014.01.30"]
[WhiteTeam "VfB Hermsdorf e.V."]
[BlackTeam "SC Oberkrämer"]

1. d4 Nf6 2. Nf3 g6 3. g3 Bg7 4. Bg2 c5 5. d5 d6 6. O-O O-O 7. Nc3 Na6 8. Re1
Nc7 9. a4 b6 10. e4 Bb7 11. Nb5 a6 12. Nxc7 Qxc7 13. c4 Nd7 14. Ra2 b5 15. a5
bxc4 16. Qc2 Rab8 17. Bf1 Bc8 18. Bxc4 Nf6 19. Bd2 Bg4 20. Be2 e6 21. dxe6 Bxe6
22. Bc4 Bxc4 23. Qxc4 Qb7 24. Bc3 {(=)} Rfe8 25. Nd2 Rbc8 26. Raa1 Qb5 27. e5
dxe5 28. Bxe5 Rcd8 29. Bc3 Rc8 30. Rxe8+ {(=)} 1/2-1/2

[Event "BSenEM 2014"]
[Site "Berlin"]
[Date "2014.02.04"]
[Round "6.3"]
[White "Simon, Ralf Axel"]
[Black "Barwich, Alfred"]
[Result "1-0"]
[WhiteElo "2190"]
[BlackElo "1893"]
[Annotator "Jaeger,André"]
[PlyCount "65"]
[EventDate "2014.01.30"]
[WhiteTeam "TSG Neuruppin"]
[BlackTeam "SV Berolina Mitte e.V."]

1. Nf3 Nf6 2. c4 g6 3. Nc3 Bg7 4. e4 d6 5. d4 O-O 6. Be2 b6 7. Be3 Nbd7 8. O-O
Bb7 9. Nd2 c6 10. b4 c5 11. bxc5 bxc5 12. d5 Ne8 13. Qc2 Qa5 14. Rfc1 Nc7 15.
Nb3 Qa6 16. a4 Ne5 17. Nb5 Rac8 18. a5 Ba8 19. Nxc7 Rxc7 20. Rab1 Qc8 21. h3 f5
22. f4 Nf7 23. exf5 gxf5 24. Bd3 Nh8 25. Re1 Bb7 26. Nd2 Ba6 27. Nf3 Qd8 28.
Ng5 Bc8 29. Rb8 Rb7 30. Rxb7 Bxb7 31. Ne6 Qxa5 32. Bd2 Qa4 33. Qxa4 {
Fur die Korrektheit der Partierekonstruktion keine Gewahr.} 1-0

[Event "BSenEM 2014"]
[Site "Berlin"]
[Date "2014.02.04"]
[Round "6.5"]
[White "Grottke, Hans Joachim"]
[Black "Gremm, Albert Juergen"]
[Result "1-0"]
[WhiteElo "2110"]
[BlackElo "1718"]
[Annotator "Jaeger,André"]
[PlyCount "37"]
[EventDate "2014.01.30"]
[WhiteTeam "SC Empor Potsdam 1952 e.V."]
[BlackTeam "SC Kreuzberg e.V."]

1. e4 Nc6 2. Nf3 g6 3. d4 Bg7 4. Nc3 d6 5. h3 a6 6. Be3 e5 7. dxe5 Nxe5 8. Nxe5
Bxe5 9. Qd2 Bg7 10. Bd3 Ne7 11. Bh6 O-O 12. O-O-O Be6 13. h4 b5 14. h5 b4 15.
Bxg7 Kxg7 16. hxg6 hxg6 17. Qh6+ Kf6 18. e5+ dxe5 19. Ne4+ 1-0

[Event "BSenEM 2014"]
[Site "Berlin"]
[Date "2014.02.04"]
[Round "6.6"]
[White "Petkov, Peter"]
[Black "Pueschel, Werner"]
[Result "0-1"]
[WhiteElo "1857"]
[BlackElo "2008"]
[Annotator "Jaeger,André"]
[PlyCount "97"]
[EventDate "2014.01.30"]
[WhiteTeam "SV Bau-Union e.V."]
[BlackTeam "SG Lasker Steglitz-Wilmersdorf"]

1. e4 c5 2. Nf3 e6 3. d3 Nc6 4. g3 Be7 5. Bg2 d6 6. O-O Bd7 7. c3 Nf6 8. Qe2 e5
9. Rd1 Bg4 10. h3 Bxf3 11. Qxf3 O-O 12. Nd2 Nd7 13. Nc4 b5 14. Ne3 b4 15. Nd5
bxc3 16. bxc3 Bg5 17. Bxg5 Qxg5 18. Rab1 {(=)} Rab8 19. h4 Qd8 20. Rxb8 Qxb8
21. Bh3 Nb6 22. Rb1 Qd8 23. Ne3 Qc7 24. h5 h6 25. Nf5 Ne7 26. c4 Nxf5 27. Qxf5
Na4 28. Qd7 Qxd7 29. Bxd7 Nc3 30. Rb2 Rd8 31. Bc6 Rc8 32. Bd5 Rc7 33. Kf1 Kf8
34. Rb8+ Ke7 35. a3 Na4 36. f4 Nb6 37. fxe5 dxe5 38. Rg8 Kf6 39. Re8 Rc8 40.
Rxc8 Nxc8 41. Kf2 Nd6 42. g4 Kg5 43. Kg3 g6 44. hxg6 fxg6 45. Be6 Ne8 46. Bd7
Nf6 47. Be6 h5 48. gxh5 Nxh5+ 49. Kf2 0-1

[Event "BSenEM 2014"]
[Site "Berlin"]
[Date "2014.02.04"]
[Round "6.7"]
[White "Fiedler, Wolfgang"]
[Black "Schulz, Wolfgang"]
[Result "0-1"]
[WhiteElo "1746"]
[BlackElo "1954"]
[Annotator "Jaeger,André"]
[PlyCount "62"]
[EventDate "2014.01.30"]
[WhiteTeam "SV Berolina Mitte e.V."]
[BlackTeam "Hamburger SK von 1830 eV"]

1. d4 g6 2. e4 Bg7 3. Nc3 d6 4. f4 a6 5. Nf3 b5 6. Bd3 Bb7 7. O-O Nd7 8. Kh1 c5
9. f5 cxd4 10. fxg6 hxg6 11. Nd5 Ngf6 12. Nxf6+ Bxf6 13. Bf4 e5 14. Bg3 Nc5 15.
Nd2 Bh4 16. Qf3 Rh7 17. Rf2 Ne6 18. Bxh4 {(=)} Qxh4 19. g3 Qe7 20. Kg1 Ng5 21.
Qe2 Nh3+ 22. Kg2 Nxf2 23. Qxf2 Bc8 24. h4 Bg4 25. a4 Rb8 26. axb5 axb5 27. c4
g5 28. cxb5 gxh4 29. Rh1 hxg3 30. Qxg3 Rxh1 31. Kxh1 Qg5 0-1

[Event "BSenEM 2014"]
[Site "Berlin"]
[Date "2014.02.04"]
[Round "6.8"]
[White "Postler, Reinhard"]
[Black "Weigelt, Reinhard"]
[Result "1-0"]
[WhiteElo "2138"]
[BlackElo "1878"]
[Annotator "Jaeger,André"]
[PlyCount "35"]
[EventDate "2014.01.30"]
[WhiteTeam "TSG Oberschöneweide e.V."]
[BlackTeam "SV Berolina Mitte e.V."]

1. e4 d6 2. d4 g6 3. Nc3 Bg7 4. Nf3 Bg4 5. Be2 Bxf3 6. Bxf3 e5 7. Ne2 Nd7 8. c3
Ngf6 9. O-O O-O 10. Ng3 Re8 11. Re1 c6 12. a4 a5 13. Be3 Qc7 14. Qc2 c5 15. d5
h6 16. Nf1 Kh7 17. Nd2 Rg8 18. Nc4 {Rest unklar.} 1-0

[Event "BSenEM 2014"]
[Site "Berlin"]
[Date "2014.02.04"]
[Round "6.9"]
[White "Grabinger, Hartmut"]
[Black "Meissner, Hans Juergen"]
[Result "0-1"]
[WhiteElo "1897"]
[BlackElo "2110"]
[Annotator "Jaeger,André"]
[PlyCount "54"]
[EventDate "2014.01.30"]
[WhiteTeam "SK Tempelhof 1931 e.V."]
[BlackTeam "SV Empor Berlin e.V."]

1. e4 c5 2. Nf3 d6 3. d4 cxd4 4. Nxd4 Nf6 5. Nc3 a6 6. Be2 e5 7. Nb3 Be7 8. O-O
O-O 9. Be3 Be6 10. f4 exf4 11. Rxf4 Nc6 12. Nd4 Ne5 13. Nf5 Rc8 14. Nxe7+ Qxe7
15. Bd4 Rc6 16. Nd5 Nxd5 17. exd5 Bxd5 18. c4 Bxg2 19. Bf2 Ng6 20. Rd4 Be4 21.
Qd2 f5 22. Kf1 Qe5 23. Bg3 f4 24. Bf2 f3 25. Bd3 Bxd3+ 26. Qxd3 Qxh2 27. Re4
Qh1+ 0-1

[Event "BSenEM 2014"]
[Site "Berlin"]
[Date "2014.02.04"]
[Round "6.10"]
[White "Scheide, Helmut"]
[Black "Hoeckendorf, Hartmut"]
[Result "1/2-1/2"]
[WhiteElo "1835"]
[BlackElo "2085"]
[Annotator "Jaeger,André"]
[PlyCount "35"]
[EventDate "2014.01.30"]
[WhiteTeam "USV Potsdam e.V., Abt. Schach"]
[BlackTeam "BSG Pneumant Fürstenwalde e.V."]

1. Nf3 Nf6 2. d4 c5 3. e3 g6 4. Be2 Bg7 5. O-O b6 6. c4 O-O 7. Nc3 cxd4 8. exd4
Bb7 9. d5 d6 10. h3 Nbd7 11. Be3 Nc5 12. Nd4 Rc8 13. Rc1 a6 14. Bf3 Rc7 15. b4
Ncd7 16. Nc6 Qe8 17. a4 e5 18. b5 {(=)} 1/2-1/2

[Event "BSenEM 2014"]
[Site "Berlin"]
[Date "2014.02.04"]
[Round "6.11"]
[White "Albrecht, Rainer"]
[Black "Wolf, Manfred"]
[Result "1/2-1/2"]
[WhiteElo "2083"]
[BlackElo "1862"]
[Annotator "Jaeger,André"]
[PlyCount "33"]
[EventDate "2014.01.30"]
[WhiteTeam "SC Kreuzberg e.V."]
[BlackTeam "SV Berolina Mitte e.V."]

1. d4 d6 2. c4 e5 3. d5 f5 4. e4 Nf6 5. exf5 Bxf5 6. Nc3 Be7 7. Nge2 O-O 8. Ng3
Bg6 9. Bd3 Bxd3 10. Qxd3 Nbd7 11. Bg5 Ng4 12. Bxe7 Qxe7 13. f3 Nh6 14. O-O Nc5
15. Qc2 a5 16. b3 Rf4 17. Rae1 {(=)} 1/2-1/2

[Event "BSenEM 2014"]
[Site "Berlin"]
[Date "2014.02.04"]
[Round "6.13"]
[White "Welz, Peter"]
[Black "Kothe, Manfred"]
[Result "1-0"]
[WhiteElo "2025"]
[BlackElo "1856"]
[Annotator "Jaeger,André"]
[PlyCount "21"]
[EventDate "2014.01.30"]
[WhiteTeam "SV Empor Berlin e.V."]
[BlackTeam "SC Zugzwang 95 e.V."]

1. e4 e6 2. d4 d5 3. e5 c5 4. c3 a6 5. Nf3 Nc6 6. Bd3 cxd4 7. cxd4 Nge7 8. Nc3
Qb6 9. O-O Nxd4 10. Nxd4 Qxd4 11. Bb5+ 1-0

[Event "BSenEM 2014"]
[Site "Berlin"]
[Date "2014.02.04"]
[Round "6.14"]
[White "Shapiro, Yosip"]
[Black "Hohn, August"]
[Result "1-0"]
[WhiteElo "2005"]
[BlackElo "1824"]
[Annotator "Jaeger,André"]
[PlyCount "70"]
[EventDate "2014.01.30"]
[WhiteTeam "SV Berolina Mitte e.V."]
[BlackTeam "SC Zugzwang 95 e.V."]

1. c4 e5 2. Nc3 Nf6 3. Nf3 Nc6 4. g3 d5 5. cxd5 Nxd5 6. d3 Be7 7. Bg2 Be6 8.
O-O O-O 9. Bd2 f6 10. Ne4 Qd7 11. Rc1 Bb4 12. Nc5 Bxc5 13. Rxc5 b6 14. Rc1 Rad8
15. Re1 Nd4 16. a3 c5 17. b4 cxb4 18. Nxd4 exd4 19. axb4 Rc8 20. Ra1 Nc3 21.
Bxc3 Rxc3 22. Qa4 Qd6 23. b5 Rf7 24. Rab1 Rfc7 25. Kf1 Ra3 26. Qb4 Qc5 27. Qxc5
bxc5 28. Rec1 Kf7 29. Bc6 Re7 30. Rb2 Bh3+ 31. Ke1 Rxd3 32. Rxc5 Ra3 33. Kd2
Bg4 34. f3 Be6 35. Rb4 Bb3 1-0

[Event "BSenEM 2014"]
[Site "Berlin"]
[Date "2014.02.04"]
[Round "6.15"]
[White "Dombrowsky, Michael"]
[Black "Plischke, Berthold"]
[Result "0-1"]
[WhiteElo "1981"]
[BlackElo "1813"]
[Annotator "Jaeger,André"]
[PlyCount "54"]
[EventDate "2014.01.30"]
[WhiteTeam "Bergstedter SK von 1962"]
[BlackTeam "SV Wesel 1928 e.V."]

1. e4 e6 2. f4 d5 3. e5 c5 4. Nf3 Nc6 5. c3 Qb6 6. Na3 Nh6 7. Nc2 d4 8. Bd3 Bd7
9. Qe2 O-O-O 10. b4 dxc3 11. dxc3 Nf5 12. Ng5 Be8 13. Ne4 cxb4 14. g4 Nh4 15.
Be3 Qc7 16. O-O f5 17. exf6 gxf6 18. cxb4 h5 19. b5 hxg4 20. Bc4 Nf3+ 21. Rxf3
gxf3 22. Qxf3 Ne5 23. Bxe6+ Kb8 24. fxe5 Qxc2 25. Rc1 Qxh2+ 26. Kf1 Bxb5+ 27.
Ke1 Bb4+ 0-1

[Event "BSenEM 2014"]
[Site "Berlin"]
[Date "2014.02.04"]
[Round "6.16"]
[White "Keusch, Horst"]
[Black "Trefzer, Erhard"]
[Result "1/2-1/2"]
[WhiteElo "1819"]
[BlackElo "1961"]
[Annotator "Jaeger,André"]
[PlyCount "81"]
[EventDate "2014.01.30"]
[WhiteTeam "SC Friesen Lichtenberg e.V."]
[BlackTeam "SV Besigheim"]

1. f4 d5 2. Nf3 Nf6 3. e3 g6 4. d3 Bg7 5. Be2 c5 6. O-O O-O 7. c3 Nc6 8. Qe1
Qc7 9. Qh4 b5 10. Nbd2 a5 11. d4 cxd4 12. cxd4 Nb4 13. Bd1 Bf5 14. Ne5 Nd3 15.
Be2 Nxc1 16. Raxc1 Qb7 17. g4 Bd7 18. f5 Rac8 19. g5 Rxc1 20. Rxc1 Ne8 21. fxg6
hxg6 22. Nxd7 Qxd7 23. Rc5 Nd6 24. Bg4 Nf5 25. Qh3 Rc8 26. Bxf5 gxf5 27. Nb3 e5
28. Rxc8+ Qxc8 29. dxe5 Bxe5 30. Qg2 a4 31. Nd2 Qc1+ 32. Nf1 d4 33. g6 dxe3 34.
Qd5 Qc7 35. Nxe3 Bxh2+ 36. Kf1 Qc1+ 37. Ke2 Qxb2+ 38. Kf3 Qf6 39. Nxf5 Bb8 40.
Qxb5 Qd8 41. gxf7+ 1/2-1/2

[Event "BSenEM 2014"]
[Site "Berlin"]
[Date "2014.02.04"]
[Round "6.19"]
[White "Rehder, Frank"]
[Black "Ahlberg, Guenter"]
[Result "0-1"]
[WhiteElo "1722"]
[BlackElo "1893"]
[Annotator "Jaeger,André"]
[PlyCount "72"]
[EventDate "2014.01.30"]
[WhiteTeam "SC Zugzwang 95 e.V."]
[BlackTeam "SG Weißensee 49 e.V."]

1. d4 c6 2. Nf3 d5 3. b3 Bg4 4. e3 Nd7 5. Bb2 e6 6. Be2 Ngf6 7. O-O Qc7 8. Nbd2
Be7 9. c4 O-O 10. a3 a5 11. h3 Bh5 12. Bd3 Rfb8 13. Qc2 Bg6 14. Bxg6 {(=)} hxg6
15. Rfe1 Rc8 16. Rac1 Qd8 17. e4 dxe4 18. Nxe4 Nxe4 19. Qxe4 Nf6 20. Qe3 Bd6
21. Ne5 Qf8 22. Ra1 c5 23. Nd3 cxd4 24. Qxd4 Rd8 25. Qe3 {(=)} Bb8 26. Ne5 Ba7
27. Qe2 Bc5 28. Nf3 Rd7 29. Red1 Rxd1+ 30. Qxd1 Rd8 31. Qe1 b6 32. Qe2 Qd6 33.
Qc2 Qd3 34. Rc1 Ne4 35. Kh2 Bxf2 36. b4 Bg3+ 0-1

[Event "BSenEM 2014"]
[Site "Berlin"]
[Date "2014.02.04"]
[Round "6.20"]
[White "Paul, Reinhart"]
[Black "Kohlstadt Erlebach, Paul"]
[Result "1-0"]
[WhiteElo "1873"]
[BlackElo "1722"]
[Annotator "Jaeger,André"]
[PlyCount "87"]
[EventDate "2014.01.30"]
[WhiteTeam "CFC Hertha 06 e.V."]
[BlackTeam "SK Tempelhof 1931 e.V."]

1. e4 Nf6 2. e5 Nd5 3. d4 d6 4. c4 Nb6 5. f4 dxe5 6. fxe5 Bf5 7. Nf3 e6 8. Nc3
Nc6 9. Be3 Bb4 10. Rc1 Bg4 11. a3 Bxc3+ 12. bxc3 h6 13. Bd3 Qe7 14. c5 Bxf3 15.
Qxf3 Nd5 16. Bf2 O-O 17. O-O f6 {(=)} 18. Qe4 f5 19. Qf3 Qf7 20. c4 Nde7 21.
Bb1 Kh8 22. Rfe1 Rad8 23. Rcd1 Ng6 24. h4 Na5 25. Ba2 c6 26. h5 Ne7 27. Rb1 Nc8
28. Qc3 Qc7 29. Red1 b6 30. d5 cxd5 31. cxd5 exd5 32. Bxd5 bxc5 33. Bxc5 Rfe8
34. e6 Ne7 35. Bf3 Rxd1+ 36. Rxd1 Rc8 37. Rd7 Qxc5+ 38. Qxc5 Rxc5 39. Rxe7 Re5
40. Rxa7 Nc4 41. e7 Nd6 42. Rd7 Ne8 43. Rd8 Rxe7 44. Bc6 1-0

[Event "BSenEM 2014"]
[Site "Berlin"]
[Date "2014.02.04"]
[Round "6.21"]
[White "Willin, Bernhard"]
[Black "Lukas, Wilmar"]
[Result "0-1"]
[WhiteElo "1854"]
[BlackElo "1705"]
[Annotator "Jaeger,André"]
[PlyCount "116"]
[EventDate "2014.01.30"]
[WhiteTeam "SC Horben"]
[BlackTeam "SC Schwarz-Weiß Lichtenrade e.V."]

1. Nf3 Nf6 2. c4 g6 3. d4 Bg7 4. g3 O-O 5. Bg2 c6 6. O-O d5 7. Nbd2 Nbd7 8. b3
c5 9. e3 cxd4 10. exd4 e6 11. Bb2 b6 12. Rc1 Ba6 13. Re1 Rc8 14. Bf1 Bb7 15.
Ba3 Re8 16. c5 Bf8 {(=)} 17. b4 a5 18. Qa4 axb4 19. Bxb4 Bc6 20. Qc2 Ra8 21.
Nb3 bxc5 22. Nxc5 Nxc5 23. Bxc5 Bh6 24. Rb1 Ba4 25. Qb2 Ne4 26. Bb4 Bf8 27. a3
Rb8 28. Ne5 Nd6 29. Rec1 Qb6 30. Qa1 Qd8 31. Nc6 Bxc6 32. Rxc6 Qd7 33. Rc2 Qa4
34. Rbc1 Rbc8 35. Rc3 Rxc3 36. Qxc3 Ne4 37. Qc2 Qxc2 38. Rxc2 Bxb4 39. axb4 Rb8
40. b5 Nd6 41. Rb2 Rb6 42. Bd3 Kf8 43. Kf1 Ke7 44. Ke2 h6 45. Kd2 g5 46. Kc3
Kd7 47. Kb4 Kc7 48. Re2 Rb8 49. Rc2+ Kb7 50. Rc6 Ne8 51. f4 gxf4 52. gxf4 Ra8
53. f5 Nc7 54. Kc5 Ra3 55. Kd6 Ne8+ 56. Kd7 Rxd3 57. fxe6 fxe6 58. Kxe6 (58.
Kxe8 Rxd4 59. Rxe6 Re4) 58... Rxd4 0-1

[Event "BSenEM 2014"]
[Site "Berlin"]
[Date "2014.02.04"]
[Round "6.22"]
[White "Kornath, Heinrich"]
[Black "Hoffmann, Peter"]
[Result "1-0"]
[WhiteElo "1716"]
[BlackElo "1850"]
[Annotator "Jaeger,André"]
[PlyCount "58"]
[EventDate "2014.01.30"]
[WhiteTeam "SG Eckturm"]
[BlackTeam "BSG 1827 Eckbauer e.V."]

1. e4 c5 2. Ne2 e6 3. c4 d6 4. Nbc3 a6 5. d4 cxd4 6. Nxd4 Qc7 7. Be3 Nf6 8. Be2
Be7 9. Rc1 Nbd7 10. O-O O-O 11. f4 Re8 12. Kh1 b6 13. b3 Bb7 14. Bf3 Rac8 15.
Qe1 Qb8 16. Bg1 Nc5 17. Qe2 d5 18. e5 Nfe4 19. Bxe4 Nxe4 20. Nxe4 dxe4 21. Be3
Kh8 22. Qh5 g6 23. Qh3 Bc5 24. Rc3 Qc7 25. Qh6 Bf8 26. Qh4 Qe7 27. Qh3 b5 28.
Rfc1 Qb4 29. Bf2 bxc4 {Rest unklar.} 1-0

[Event "BSenEM 2014"]
[Site "Berlin"]
[Date "2014.02.04"]
[Round "6.23"]
[White "Hoppensack, Manfred"]
[Black "Koerner, Helmut"]
[Result "0-1"]
[WhiteElo "1847"]
[BlackElo "1715"]
[Annotator "Jaeger,André"]
[PlyCount "50"]
[EventDate "2014.01.30"]
[WhiteTeam "SC Friesen Lichtenberg e.V."]
[BlackTeam "Sfr.Nord-Ost Berlin"]

1. e4 d5 2. exd5 Nf6 3. Bb5+ Bd7 4. Bc4 b5 5. Bb3 Bg4 6. f3 Bc8 7. Qe2 a6 8.
Nc3 Nbd7 9. a4 b4 10. Ne4 Bb7 11. d6 e6 12. dxc7 Qxc7 13. Nxf6+ Nxf6 14. d4 Bd6
15. g3 O-O 16. Bd2 Rfe8 17. O-O-O a5 18. Nh3 Rac8 19. Bf4 e5 20. dxe5 Bxe5 21.
Bxe5 Rxe5 22. Qd3 Rce8 23. Ng1 Qe7 24. Qd6 Re1 25. Qxe7 Rxd1+ {
und Weis gibt auf...} 0-1

[Event "BSenEM 2014"]
[Site "Berlin"]
[Date "2014.02.04"]
[Round "6.24"]
[White "Herrmann, Eberhard"]
[Black "Maetzing, Hans Dieter"]
[Result "1/2-1/2"]
[WhiteElo "1705"]
[BlackElo "1843"]
[Annotator "Jaeger,André"]
[PlyCount "191"]
[EventDate "2014.01.30"]
[WhiteTeam "SC Friesen Lichtenberg e.V."]
[BlackTeam "SG Narva Berlin e.V."]

1. e4 e6 2. Nc3 d5 3. d4 dxe4 4. Nxe4 Bd7 5. c3 Bc6 6. Ng3 Nf6 7. Nf3 Nbd7 8.
Bd3 Bd6 9. O-O O-O 10. Bc2 e5 11. Bg5 h6 12. Bxf6 Qxf6 13. Ne4 Bxe4 14. Bxe4 c6
15. Bc2 Rfe8 16. Re1 exd4 17. Qd3 g6 18. Nxd4 Ne5 19. Qh3 h5 20. Rad1 Ng4 21.
Nf3 Rxe1+ 22. Rxe1 Bxh2+ 23. Kf1 Bc7 24. Rd1 Rd8 25. Qh4 Rxd1+ 26. Bxd1 Qd6 27.
Ke2 Qe6+ 28. Kf1 Qd5 29. Nd4 Bd8 30. Qg3 Qd7 31. Bb3 c5 32. Nf3 Qd3+ 33. Ke1 c4
34. Bd1 Bb6 35. Nd4 Qxg3 36. fxg3 Bc7 37. Ke2 Bxg3 38. Kf3 Bb8 39. Be2 Ne5+ 40.
Ke4 Kf8 41. Kd5 Ke7 42. b3 cxb3 43. axb3 f5 44. c4 h4 45. c5 Kf6 46. Ne6 g5 47.
Nd8 g4 48. Nxb7 h3 49. gxh3 gxh3 50. Bf1 h2 51. Bg2 Ng4 52. Kd4 Nf2 53. Nd6
h1=Q 54. Bxh1 Nxh1 55. Nxf5 Kxf5 56. Kd5 Kf6 57. Kc6 Ke7 58. Kb7 Bf4 59. Kxa7 {
(=)} Nf2 60. Kb7 Nd3 61. b4 Nxb4 62. c6 Kd8 63. Kb6 Kc8 64. Kc5 Na6+ 65. Kb6
Nb8 66. Kc5 Kc7 67. Kd5 Nxc6 68. Ke4 Bd6 69. Kd5 Kd7 70. Kc4 Ke6 71. Kb5 Kd5
72. Kb6 Bf4 73. Kb7 Kd6 74. Ka8 Ne7 75. Kb7 Be3 76. Kb8 Kc6 77. Ka8 Bf4 78. Ka7
Nc8+ 79. Ka8 Nb6+ 80. Ka7 Bg3 81. Ka6 Bb8 82. Ka5 Nd5 83. Ka6 Nc7+ 84. Ka5 Kc5
85. Ka4 Kc4 86. Ka5 Ba7 87. Ka4 Bb6 88. Ka3 Be3 89. Kb2 Nd5 90. Kc2 Nc3 91. Kb2
Kd3 92. Kb3 Bc5 93. Kb2 Nd5 94. Kb3 Nb6 95. Kb2 Na4+ 96. Kb3 {Rest unklar.}
1/2-1/2

[Event "BSenEM 2014"]
[Site "Berlin"]
[Date "2014.02.04"]
[Round "6.25"]
[White "Fieguth, Bernd"]
[Black "Mueller, Johannes"]
[Result "1-0"]
[WhiteElo "1842"]
[BlackElo "1694"]
[Annotator "Jaeger,André"]
[PlyCount "60"]
[EventDate "2014.01.30"]
[WhiteTeam "SF Friedrichshagen"]
[BlackTeam "SC Friesen Lichtenberg e.V."]

1. c4 e6 2. g3 d5 3. Bg2 f5 4. Nf3 Nf6 5. O-O c6 6. d4 Bd6 7. b3 O-O 8. Bb2
Nbd7 9. Ne5 Qe8 10. Nd2 h6 11. f3 Nxe5 12. dxe5 Bc5+ 13. Kh1 Nh5 14. Bh3 g5 15.
Qc2 Bd7 16. cxd5 Bb6 17. d6 Nxg3+ 18. hxg3 Qh5 19. Kg2 g4 20. Rh1 Qg5 21. Nc4
h5 22. Nxb6 axb6 23. f4 Qg6 24. Kf2 gxh3 25. Rxh3 Kg7 26. b4 Kf7 27. Bd4 Ra3
28. Qb2 Rfa8 29. Bxb6 Qg4 30. Kg2 h4 {Rest unklar.} 1-0

[Event "BSenEM 2014"]
[Site "Berlin"]
[Date "2014.02.04"]
[Round "6.26"]
[White "Schmidt, Dietrich"]
[Black "Trostel, Uwe"]
[Result "1-0"]
[WhiteElo "1824"]
[BlackElo "1688"]
[Annotator "Jaeger,André"]
[PlyCount "145"]
[EventDate "2014.01.30"]
[WhiteTeam "SV Empor Berlin e.V."]
[BlackTeam "SF Friedrichshagen"]

1. e4 c6 2. d4 d5 3. exd5 cxd5 4. c4 Nf6 5. Nc3 Nc6 6. Bf4 e6 7. Nf3 Bd6 8. Qd2
O-O 9. Bxd6 Qxd6 10. c5 Qe7 11. Bb5 a6 12. Ba4 Rd8 13. Bxc6 bxc6 14. Ne5 Qc7
15. Qe3 Rb8 16. b3 Nd7 17. f4 Nxe5 18. fxe5 a5 19. O-O Ba6 20. Rf3 Qe7 21. Rd1
Rf8 22. Rd2 Rb4 23. Na4 f5 24. exf6 Rxf6 25. Rdf2 Rxf3 26. Rxf3 e5 27. Qxe5
Qxe5 28. dxe5 Re4 29. Nb6 Rxe5 30. Rf8+ Kxf8 31. Nd7+ Ke7 32. Nxe5 Bb7 33. Kf2
Ke6 34. Nf3 h6 35. Ke3 g5 36. Kd4 g4 37. Ne5 h5 38. g3 Kf5 39. a3 Ke6 40. b4
axb4 41. axb4 Ba8 42. Nd3 Kf5 43. Nf4 h4 44. Nd3 hxg3 45. hxg3 Ke6 46. Ne5 Kf5
47. Nf7 Kg6 48. Nd6 Kf6 49. b5 cxb5 50. Nxb5 Ke7 51. Nc7 Bc6 52. Nxd5+ Ke6 53.
Nf4+ Kf5 54. Nd5 Ke6 55. Nf4+ Kf5 56. Nd3 Bb7 57. Nb4 Ke6 58. c6 Bc8 59. Kc5
Ke5 60. Nd5 Ke4 61. Nf6+ Kf3 62. Nh5 Ke4 63. Kd6 Kd4 64. Kc7 Bf5 65. Kd8 Ke5
66. c7 Be6 67. c8=Q Bxc8 68. Kxc8 Kf5 69. Kd7 Kg5 70. Nf4 Kf5 71. Kd6 Ke4 72.
Ke6 Kf3 73. Nh5 {ZU.} 1-0

[Event "BSenEM 2014"]
[Site "Berlin"]
[Date "2014.02.04"]
[Round "6.27"]
[White "Casny, Guenter"]
[Black "Fitzke, Ulrich"]
[Result "1/2-1/2"]
[WhiteElo "1670"]
[BlackElo "1803"]
[Annotator "Jaeger,André"]
[PlyCount "95"]
[EventDate "2014.01.30"]
[WhiteTeam "SC Rochade e.V."]
[BlackTeam "SV Bau-Union e.V."]

1. Nf3 c5 2. c4 Nc6 3. Nc3 g6 4. d4 cxd4 5. Nxd4 Bg7 6. e3 Nf6 7. Be2 O-O 8.
O-O d6 9. b3 Bd7 10. Bb2 a6 11. Qd2 Re8 12. Rad1 Qc7 13. Nd5 Nxd5 14. cxd5 Nxd4
15. Bxd4 Bxd4 16. Qxd4 Qa5 17. Rd2 Rec8 18. b4 Qa3 19. Qb2 Rc3 20. Qxa3 Rxa3
21. Rc1 Rc8 22. Rxc8+ Bxc8 23. Bd1 Rc3 24. Rc2 Rxc2 25. Bxc2 b6 26. Bb3 g5 27.
f3 f5 28. Kf2 Kf7 29. e4 Kf6 30. Ke3 Ke5 31. Bc2 fxe4 32. fxe4 h5 33. g3 Bh3
34. Bd3 Bg2 35. Bc2 Bf1 36. Bd1 Bg2 37. Bc2 h4 38. Bd3 a5 39. a3 Bh3 40. Be2 e6
41. dxe6 Bxe6 42. gxh4 gxh4 43. bxa5 bxa5 44. Bf3 Bf7 45. Be2 Be6 46. Bb5 Bh3
47. Bc6 Bg2 48. Bd5 1/2-1/2

[Event "BSenEM 2014"]
[Site "Berlin"]
[Date "2014.02.04"]
[Round "6.28"]
[White "Mayer, Herbert"]
[Black "Krempelsetzer, Klaus"]
[Result "0-1"]
[WhiteElo "1777"]
[BlackElo "1624"]
[Annotator "Jaeger,André"]
[PlyCount "184"]
[EventDate "2014.01.30"]
[WhiteTeam "SC Rochade e.V."]
[BlackTeam "SG Eckturm"]

1. c4 Nf6 2. Nc3 d5 3. cxd5 Nxd5 4. g3 g6 5. Bg2 Nxc3 6. bxc3 Bg7 7. Rb1 Nd7 8.
Nf3 O-O 9. O-O c5 10. Ba3 Rb8 11. Ng5 h6 12. Ne4 b6 13. d3 Bb7 14. Qb3 Nf6 15.
f3 Bd5 16. Qc2 Re8 17. Bc1 e6 18. Bd2 Kh7 19. c4 Bc6 20. Nf2 Ng8 21. Qc1 Qd7
22. Bc3 Bd4 23. Kh1 Rbd8 24. Bd2 Bg7 25. g4 e5 26. Bh3 Qe7 27. Ne4 f6 28. Rf2
Bd7 29. Nc3 Bc6 30. Qg1 Rf8 31. Qg3 Qd6 32. Kg1 Qd4 33. Nd1 Bd7 34. Be3 Qd6 35.
Rg2 g5 36. Nc3 Bc6 37. Rf2 Ne7 38. Bd2 Ng6 39. Nd1 Nf4 40. Ne3 Bd7 41. Bf1 f5
42. gxf5 Bxf5 43. Re1 Qe6 44. Nxf5 Qxf5 45. Rd1 Rf6 46. Bc3 h5 47. h3 Rg6 48.
e3 h4 49. Qg4 Qxg4+ 50. fxg4 Ne6 51. Rf7 a6 52. Bxe5 Kh6 53. Bxg7+ Rxg7 54.
Rf6+ Rg6 55. Rxg6+ Kxg6 56. Bg2 Rd6 57. Rf1 Kg7 58. Bd5 Kg6 59. Rf5 Ng7 60. Rf2
Ne6 61. Kg2 Nc7 62. Be4+ Kg7 63. Rf5 Ne6 64. Kf2 Kh6 65. Ke2 Kg7 66. Kd2 Kh6
67. Kc3 Kg7 68. a4 a5 69. Bd5 Kg6 70. Rf3 Nc7 71. Be4+ Kg7 72. Bb7 Rf6 73. d4
Rxf3 74. Bxf3 cxd4+ 75. exd4 Kf6 76. Kd3 Ne6 77. Ke4 Nf4 78. c5 bxc5 79. dxc5
Ke6 80. c6 Nxh3 81. Ke3 Kd6 82. Bg2 Nf4 83. Bh1 h3 84. Bf3 h2 85. Bh1 Ne6 86.
Ke4 Kxc6 87. Ke5+ Kd7 88. Kf6 Kd6 89. Kf5 Nc5 90. Kxg5 Nxa4 91. Kf6 Nb6 92. g5
Nd7+ 0-1

[Event "BSenEM 2014"]
[Site "Berlin"]
[Date "2014.02.04"]
[Round "6.29"]
[White "Schraepel, Manfred"]
[Black "Krusemark, Gerhard"]
[Result "1-0"]
[WhiteElo "1757"]
[BlackElo "1667"]
[Annotator "Jaeger,André"]
[PlyCount "53"]
[EventDate "2014.01.30"]
[WhiteTeam "BSV 63 Chemie Weißensee"]
[BlackTeam "TSG RW Fredersdorf/Vogelsdorf"]

1. d4 g6 2. Nf3 Bg7 3. c4 Nf6 4. Nc3 O-O 5. e4 d6 6. Be2 e5 7. dxe5 dxe5 8. Bg5
h6 9. Qxd8 Rxd8 10. Bxf6 Bxf6 11. Nd5 Rxd5 12. cxd5 c6 13. dxc6 Nxc6 14. O-O
Be6 15. b3 Bg7 16. Nd2 Rd8 17. Rfd1 Nd4 18. Bf1 Bf8 19. h3 g5 20. Nc4 f6 21.
Ne3 Rd7 22. g4 Nf3+ 23. Kg2 Nd2 24. f3 Ba3 25. Bb5 Rd8 26. Nd5 a6 27. Rxd2 1-0

[Event "BSenEM 2014"]
[Site "Berlin"]
[Date "2014.02.04"]
[Round "6.30"]
[White "Richter, Hans Peter"]
[Black "Engelhardt, Erhard"]
[Result "1-0"]
[WhiteElo "1914"]
[BlackElo "1674"]
[Annotator "Jaeger,André"]
[PlyCount "73"]
[EventDate "2014.01.30"]
[WhiteTeam "SV Königsjäger Süd-West e.V."]
[BlackTeam "SSV Rotation Berlin e.V."]

1. e4 d5 2. exd5 Qxd5 3. Nc3 Qd6 4. Nf3 Nf6 5. d4 c6 6. Be2 Bg4 7. Bg5 Nbd7 8.
Qd2 Bxf3 9. Bxf3 Qc7 10. O-O-O e6 11. Ne4 Nxe4 12. Bxe4 h6 13. Bf4 Bd6 14. Bxd6
Qxd6 15. f4 O-O-O 16. g3 Nf6 17. Bf3 Qc7 18. Qb4 Rhe8 19. Rd3 Nd5 20. Qd2 Kb8
21. c4 Nb6 22. c5 Nd5 23. Kb1 Rd7 24. Rc1 Red8 25. Rc4 Ne7 26. Be4 Nd5 27. Ra4
Nf6 28. Bf3 Nd5 29. Rda3 a6 30. Be2 Re7 31. Rb3 Ka7 32. Bc4 Ra8 33. Qe2 b5 34.
cxb6+ Nxb6 35. Rxa6+ Kb7 36. Raxb6+ Kc8 37. Qe5 1-0